000 01618nam0a2200325 4500
001 RU\NLR\bibl\1095415
005 20250615053739.0
010 _a5-02-035744-8
021 _aRU
_b2007-27862
_91482
035 _a(NLR Aleph) 001082531
090 _a1067574
_c1067574
100 _a20070606d2007 |||y0rusy50 ca
101 0 _arus
102 _aRU
105 _aa |||||||||
200 1 _aЭволюция почв речных долин степного Зауралья во второй половине голоцена
_fЛ.Н. Плеханова, В.А. Демкин, Г.Б. Зданович
_gРос. акад. наук [и др.]
210 _aМосква
_cНаука
_d2007
215 _a234,[1] с.
_cил.
_d22
300 _aВ надзаг. также: Федер. агентство по образованию, Гос. учреждение "Специализир. природ.-ландшафт. и ист.-археол. центр Аркаим", Ин-т физико-хим. и биол. пробл. почвоведения
320 _aБиблиогр.: с. 210-228
606 1 _aПочвы голоценовые
_xЭволюция
_yЗауралье
_92477380
_3RU\NLR\auth\661470911
686 _aП034.27(2Р36,85)
700 1 _aПлеханова
_bЛ. Н.
_gЛюдмила Николаевна
_4070
701 1 _aДемкин
_bВ. А.
_gВиталий Александрович
_4070
701 1 _aЗданович
_bГ. Б.
_gГеннадий Борисович
_4070
801 0 _aRU
_bNLR
_c20070606
_gRCR
801 1 _aRU
_bNLR
_c20070606
942 _cBOOK
980 _aNB